[Event "Kiel op 22nd"]
[Site "Kiel"]
[Date "2009.08.04"]
[Round "6"]
[White "Lindinger, Markus"]
[Black "Lippmann, Kai"]
[Result "1-0"]
[WhiteElo "2301"]
[BlackElo "1992"]
[PlyCount "75"]
[EventDate "2009.08.01"]
[EventType "swiss"]
[EventRounds "7"]
[EventCountry "GER"]
[SourceTitle "EXT 2010"]
[Source "ChessBase"]
[SourceDate "2010.11.25"]
[SourceVersion "1"]
[SourceVersionDate "2010.11.25"]
[SourceQuality "1"]

1. d4 d5 2. c4 c6 3. Nf3 e6 4. e3 f5 5. Bd3 Nf6 6. 0-0 Bd6 7. b3 0-0 8. Ba3 Bxa3 9. Nxa3 Qe7 10. Qc1 Bd7 11. Qb2 Ne4 12. b4 a6 13. c5 Be8 14. Ne5 Qg5 15. Rae1 Nf6 16. Nb1 Qh6 17. Nd2 g5 18. f3 Nbd7 19. Nb3 Kh8 20. Na5 Nxe5 21. dxe5 Nh5 22. Nxb7 f4 23. e4 Rg8 24. exd5 cxd5 25. Nd6 Bg6 26. c6 Ra7 27. Qd4 Rc7 28. Qb6 Rcg7 29. Bxg6 Qxg6 30. c7 g4 31. c8Q Rxc8 32. Nxc8 gxf3 33. Rf2 Qd3 34. Nd6 Qc3 35. Ref1 d4 36. Rxf3 Qd2 37. R3f2 Qe3 38. Qd8+ 1-0

[Event "Hamburg-ch int 12th"]
[Site "Hamburg"]
[Date "2009.06.05"]
[Round "8"]
[White "Putzbach, Gerd"]
[Black "Lindinger, Markus"]
[Result "0-1"]
[WhiteElo "2286"]
[BlackElo "2283"]
[PlyCount "74"]
[EventDate "2009.05.30"]
[EventType "swiss"]
[EventRounds "9"]
[EventCountry "GER"]
[SourceTitle "CBM 130 Extra"]
[Source "ChessBase"]
[SourceDate "2009.07.02"]
[SourceVersion "2"]
[SourceVersionDate "2009.07.15"]
[SourceQuality "1"]

1. e4 d6 2. d4 Nf6 3. Nc3 Nbd7 4. Be3 e5 5. f3 c6 6. Nh3 b5 7. d5 b4 8. dxc6 bxc3 9. cxd7+ Bxd7 10. bxc3 Be7 11. Nf2 0-0 12. Ba6 Qa5 13. Qd3 Be6 14. 0-0 d5 15. Bb7 Rad8 16. Qa6 Qxc3 17. Bxa7 dxe4 18. Qc6 Qa3 19. Bb6 Bd7 20. Qc7 Bd6 21. Qxd8 Rxd8 22. Bxd8 e3 23. Ne4 e2 24. Bxf6 exf1Q+ 25. Rxf1 gxf6 26. Bd5 Bc5+ 27. Kh1 Be7 28. Bb3 f5 29. Nf2 Kg7 30. g3 Bc6 31. Kg2 Qa8 32. Nd3 Bd6 33. a4 Qb7 34. Rf2 e4 35. fxe4 fxe4 36. Ne5 e3+ 37. Nxc6 Qxc6+ 0-1